000 00809nam a22002417a 4500
999 _c65905
_d65905
005 20240530110849.0
008 200912s2020 ua a f b 000 0dara d
017 _a2019/23994
_bمصر. دار الكتب
020 _a9789777802017
040 _aEG-CaGPL
_cEG-CaGPL
082 0 4 _221
_a658.83\
_bأ إ
100 0 _aامانى البرت
245 1 2 _aالابداع فى التسويق والترويج /
_cامانى البرت
250 _aط.1
260 _aالقاهرة :
_bعالم الكتب،
_c2020
300 _a155 ص. ؛
_c24 سم.
504 _aيشتمل على ارجاعات ببليوجرافية
650 0 7 _aالتسويق
_2qrmak
650 0 7 _aالعلامات التجارية
651 _2qrmak
942 _2ddc
_cBK